European industrial property markets 2009 (Record no. 109364)

MARC details
000 -LEADER
fixed length control field 01115cad a22002415a 4500
001 - CONTROL NUMBER
control field L146940
008 - FIXED-LENGTH DATA ELEMENTS--GENERAL INFORMATION
fixed length control field 090316s2009 xxkd f s 000 0 eng d
035 ## - SYSTEM CONTROL NUMBER
System control number (Sirsi) u146940
041 0# - LANGUAGE CODE
Language code of text/sound track or separate title eng
050 04 - LIBRARY OF CONGRESS CALL NUMBER
Classification number 333.337 $2 18
110 2# - MAIN ENTRY--CORPORATE NAME
Corporate name or jurisdiction name as entry element King Sturge
9 (RLIN) 3877
245 00 - TITLE STATEMENT
Title European industrial property markets 2009
Medium [electronic resource]
260 ## - PUBLICATION, DISTRIBUTION, ETC.
Place of publication, distribution, etc. London
Name of publisher, distributor, etc. King Sturge
Date of publication, distribution, etc. 2009
490 #0 - SERIES STATEMENT
Series statement King Sturge European Industrial Property Markets
Volume/sequential designation 2009
520 ## - SUMMARY, ETC.
Summary, etc. Predicts that the current economic downturn will cause an increase in second-hand stock, due to business failures and rising unemployment. In terms of rents, the balance of the market is expected to favour occupiers in 2009, with landlords increasingly flexible with regard to rents, leases and incentives.
590 ## - LOCAL NOTE (RLIN)
Local note KA
650 24 - SUBJECT ADDED ENTRY--TOPICAL TERM
Topical term or geographic name entry element EUROPEAN INDUSTRIAL PROPERTY MARKETS
651 #4 - SUBJECT ADDED ENTRY--GEOGRAPHIC NAME
Geographic name Europe
690 ## - LOCAL SUBJECT ADDED ENTRY--TOPICAL TERM (OCLC, RLIN)
Topical term or geographic name as entry element PROPERTY-COMMERCIAL PROPERTY-COMMERCIAL PROPERTY MARKET
690 ## - LOCAL SUBJECT ADDED ENTRY--TOPICAL TERM (OCLC, RLIN)
Topical term or geographic name as entry element PROPERTY-INDUSTRIAL PROPERTY
856 40 - ELECTRONIC LOCATION AND ACCESS
Uniform Resource Identifier <a href="https://www.kingsturge.com">https://www.kingsturge.com</a>
Public note View the item free of charge (requires registration) at www.kingsturge.com...
942 ## - ADDED ENTRY ELEMENTS (KOHA)
Suppress in OPAC 0
Holdings
Withdrawn status Lost status Source of classification or shelving scheme Damaged status Not for loan Home library Current library Shelving location Date acquired Total Checkouts Full call number Barcode Date last seen Copy number Price effective from Koha item type
    Dewey Decimal Classification     Virtual Virtual Online 16/03/2009   ONLINE PUBLICATION 146940-2001 06/08/2019 1 06/08/2019 Book